logo

Bir Sreshtho Munshi Abdur Rouf Library
Jhenaidah Cadet College

Rabindranath Tagore and Victorica Ocampo : The Creative Touch / (Record no. 4020)

MARC details
000 -LEADER
fixed length control field 00608nam a2200229 a 4500
001 - CONTROL NUMBER
JCCL Control Number 4020
003 - CONTROL NUMBER IDENTIFIER
JCCL marc code BD-JhCC
005 - DATE AND TIME OF LATEST TRANSACTION
control field 20180404173754.0
008 - FIXED-LENGTH DATA ELEMENTS--GENERAL INFORMATION
fixed length control field 171121s2012 bg a|||| |||| 00| 0 eng d
020 ## - INTERNATIONAL STANDARD BOOK NUMBER
International Standard Book Number 9789842002465
035 ## - SYSTEM CONTROL NUMBER
system control number (BD-JhCC)4020
040 ## - CATALOGING SOURCE
Original cataloging agency BD-JhCC
Modifying agency BD-JhCC
041 ## - LANGUAGE CODE
Language code of Book eng
082 ## - DEWEY DECIMAL CLASSIFICATION NUMBER
Classification number 891.4414
Author mark and Year DIL 2012
100 ## - MAIN ENTRY--PERSONAL NAME
Personal name Dil, Anwar
245 ## - TITLE STATEMENT
Title Rabindranath Tagore and Victorica Ocampo : The Creative Touch /
Statement of responsibility, etc Anwar Dil,
260 ## - PUBLICATION, DISTRIBUTION, ETC. (IMPRINT)
Place of publication, distribution, etc Dhaka :
Name of publisher, distributor, etc Adorn Publications,
Date of publication, distribution, etc 2012
300 ## - PHYSICAL DESCRIPTION
Pagination 332 p. :
Dimensions 24 cm.
650 ## - SUBJECT ADDED ENTRY--TOPICAL TERM
Topical term or geographic name as entry element Rabindranath Tagore
942 ## - ADDED ENTRY ELEMENTS (KOHA)
Source of classification or shelving scheme Dewey Decimal Classification
Koha item type Books
Holdings
Source of classification or shelving scheme Damaged status Not for loan Home library Current library Shelving location Date of accession Cost, normal purchase price Total Checkouts Full call number Barcode Date last seen Copy number Koha item type
Dewey Decimal Classification     JCC Rouf Library JCC Rouf Library General Stacks 11/21/2017 800.00   891.4414 DIL 2012 5502 11/21/2017 C- 1 Books

JCC Library | Contacts | JCC Home

Last Update on 23 September 2017
Copyright @ 2017-2020 JCC Rouf Library
Rouf Library, Jhenidah Cadet College (JCC), Bangladesh